Manual de escuelas libres de humo y tabaco : programa nacional de control del tabado 2008

Guardado en:
Formato: Libro
Publicado: Buenos Aires : Ministerio, 2008
Materias:
Etiquetas: Agregar Etiqueta
Sin Etiquetas, Sea el primero en etiquetar este registro!
LEADER 00573nam a22001815a 4500
001 CEM.cems013143
005 20090807104452.0
008 130507s2008##################000#0#####d
003 CEMS
082 0 4 |a F616.86 
245 0 0 |a Manual de escuelas libres de humo y tabaco :  |b programa nacional de control del tabado 2008 
260 |a Buenos Aires :  |b Ministerio,  |c 2008 
300 |a 20 p. 
500 |a Guía para educadores 
653 |a Tabaquismo 
653 |a Tabaquismo-educación 
653 |a Tabaquismo-estrategias 
859 |a CEMS  |b BIB. CEMS - 11 de abril  |h F616.86  |i 3-12  |p 2221.44  |t Ej.1